| 000 | 00745 a2200277 4500 | ||
|---|---|---|---|
| 001 | 113075 | ||
| 020 | _a9780544772533 | ||
| 041 | _aeng | ||
| 082 | _aA Nursery [E] | ||
| 100 | _aSchertle, Alice. | ||
| 300 | _a1 v. (unpaged) | ||
| 697 | _aHalloween - Fiction. | ||
| 697 | _aHalloween costumes | ||
| 697 | _aHalloween costumes - Fiction. | ||
| 697 | _aHalloween | ||
| 697 | _aLift-the-flap books. | ||
| 697 | _aTrucks - Fiction. | ||
| 697 | _aStories in rhyme. | ||
| 697 | _aTrucks | ||
| 856 | _u00000c/00000c9c.jpg | ||
| 040 |
_aBR-BrIDEA _cBR-BrIDEA |
||
| 090 |
_aA Nursery [E] _bSCH |
||
| 245 | 1 | 0 |
_aLittle Blue Truck's Halloween _c Alice Schertle |
| 260 |
_aMassachusetts _bHoughton Mifflin Harcourt _c2016 |
||
| 942 | _cBK | ||
| 999 |
_c113075 _d113075 |
||